000 00399nam a2200157 4500
003 LK-CoMWRAF
005 20231115150306.0
008 230908b1972 |||||||| |||| 00| 0 eng d
040 _aLK-CoMWRAF
_dLK-CoMWRAF
_eLK-CoMWRAF
041 _aeng
082 _a428
_bRAD
245 _aRadiant reading :
_bBook two
260 _aNew Delhi :
_bSunil Sachdev,
_c1972
650 _aEnglish Reading
942 _cBK
999 _c3469
_d3469